WordPerfect Příručka pro uživatele

Gespeichert in:
Bibliographische Detailangaben
1. Verfasser: Tichavský, Jaromír
Format: Buch
Sprache:Tschechisch
Veröffentlicht: Praha Grada 1991
Ausgabe:1. vyd.
Schlagworte:
Tags: Tag hinzufügen
Keine Tags, Fügen Sie das erste Tag hinzu!

MARC

LEADER 00000nam a2200000 4500
001 c001097
005 20221214095315.5
020 |a 80-85424-06-1 
041 0 |a cze 
044 |a CZ 
245 1 0 |a WordPerfect  |b Příručka pro uživatele  |c Jaromír Tichavský 
250 |a 1. vyd. 
264 1 |a Praha  |b Grada  |c 1991 
300 |a 216 s. 
610 2 0 |a procesory textové 
610 2 0 |a Word Perfect 
100 1 |a Tichavský, Jaromír